000 00288nam a22001097a 4500
008 230623b xxu||||| |||| 00| 0 eng d
082 _a330.12
_bCON 1959
245 _aThe Welfare State in New Zealand
260 _aLondon
_bGeorge Allen & Unwin Ltd
_c1959
300 _a388p
942 _2ddc
_cBK
999 _c2510
_d2510